Un académico olvidado (Record no. 182390)

MARC details
000 -LEADER
campo de control de longitud fija 00761nam a2200181 i 4500
001 - NÚMERO DE CONTROL
campo de control 182390
003 - IDENTIFICADOR DE NÚMERO DE CONTROL
campo de control ES-MaACL
005 - FECHA Y HORA DE LA ÚLTIMA TRANSACCIÓN
campo de control 20250805050016.0
008 - DATOS DE LONGITUD FIJA--INFORMACIÓN GENERAL
campo de control de longitud fija 130807s1989 sp |||| | spa d
100 1# - ENTRADA PRINCIPAL--NOMBRE DE PERSONA
Nombre de persona Revulta Tubino, Matilde.
9 (RLIN) 153197
245 13 - MENCIÓN DEL TÍTULO
Título Un académico olvidado
Resto del título : Francisco María Tubino, a los cien años de su muerte (1833-1888) /
Mención de responsabilidad, etc. Matilde Revuelta Tubino.
260 ## - PUBLICACIÓN, DISTRIBUCIÓN, ETC.
Lugar de publicación, distribución, etc. Madrid :
Nombre del editor, distribuidor, etc. Real Academia de Bellas Artes de San Fernando,
Fecha de publicación, distribución, etc. 1989.
300 ## - DESCRIPCIÓN FÍSICA
Extensión P. [61]-100 :
Otras características físicas 1 retr. ;
Dimensiones 26 cm.
595 ## -
-- Separata de: Academia: boletín de la Real Academia de Bellas Artes de San Fernando, nº 68, primer semestre de 1989.
600 14 - PUNTO DE ACCESO ADICIONAL DE MATERIA--NOMBRE DE PERSONA
Nombre de persona Tubino, Francisco María,
Fechas asociadas al nombre 1833-1888
9 (RLIN) 111620
852 ## - LOCALIZACIÓN
Ubicación ES-MaACL
Número de control de estantería 2323-F-1
Holdings
Estatus retirado Estado de pérdida Estado de daño No para préstamo Colección Biblioteca de origen Biblioteca actual Ubicación en estantería Fecha de adquisición Fuente de adquisición Total de préstamos Signatura topográfica completa Código de barras Visto por última vez Precio de reemplazo Tipo de ítem Koha
        Colección de folletos Biblioteca del Ateneo de Madrid Biblioteca del Ateneo de Madrid Depósito folletos 07/08/2013     2323-F-1 1191668 23/02/2023 23/02/2023 Folleto